书目信息 |
| 题名: |
农业微生物学
|
|
| 作者: | 王贺祥 | |
| 分册: | ||
| 出版信息: | 北京 中国农业大学出版社 2003 |
|
| 页数: | 382 | |
| 开本: | 23cm | |
| 丛书名: | ||
| 单 册: | ||
| 中图分类: | S182 | |
| 科图分类: | ||
| 主题词: | 农业科学:生物学 | |
| 电子资源: | ||
| ISBN: | 7-81066-570-7 | |
| 000 | 00513nam0 2200181 450 | |
| 001 | 0741144344 | |
| 005 | 20070817112544.34 | |
| 010 | @a7-81066-570-7@d¥28.00 | |
| 100 | @a20070817d km y0chiy0120 ea | |
| 101 | 0 | @achi |
| 200 | 1 | @a农业微生物学@Anong ye wei sheng wu xue@f王贺祥@Fwang he xiang |
| 210 | @a北京@c中国农业大学出版社@d2003 | |
| 215 | @a382@c插图@d23cm | |
| 606 | 0 | @a农业科学:生物学 |
| 690 | @aS182@v3 | |
| 701 | 0 | @a王贺祥@Awang he xiang |
| 801 | 0 | @aCN@bPFT@c20070817 |
| 905 | @a213230@dS182@en1@f1 | |
| 农业微生物学/王贺祥.-北京:中国农业大学出版社,2003 |
| 382:插图;23cm |
| ISBN 7-81066-570-7:¥28.00 |
| ● |
| 相关链接 |
|
|
|
|
正题名:农业微生物学
索取号:S182/n1
 
预约/预借
| 序号 | 登录号 | 条形码 | 馆藏地/架位号 | 状态 | 备注 |
| 1 | 6601124 | 266011246 | 密集书库-生命科学系/ [索取号:S182/n1] | 在馆 |